Stolice państw i terenów autonomicznych/zależych Europy - Statystyki

Ogólne statystyki
  • Ten quiz został rozwiązany 30 razy
    22 od ostatniego zresetowania
  • Średni wynik to 48 z 58
Statystyki odpowiedzi
Obrazkowy Odpowiedź % Poprawnych
San Marino
100%
Amsterdam
95%
Ateny
95%
Bratysława
95%
Budapeszt
95%
Dublin
95%
Londyn
95%
Londyn
95%
Madryt
95%
Moskwa
95%
Praga
95%
Tallinn
95%
Watykan
95%
Ankara
90%
Belgrad
90%
Berlin
90%
Bukareszt
90%
Helsinki
90%
Kijów
90%
Kopenhaga
90%
Lizbona
90%
Luksemburg
90%
Mińsk
90%
Oslo
90%
Paryż
90%
Reykjavík
90%
Ryga
90%
Rzym
90%
Sztokholm
90%
Valletta
90%
Warszawa
90%
Wilno
90%
Berno
85%
Bruksela
85%
Kiszyniów
85%
Monako
85%
Podgorica
85%
Sarajewo
85%
Sofia
85%
Wiedeń
85%
Zagrzeb
85%
Andora
80%
Edynburg
80%
Lublana
80%
Skopje
80%
Tirana
80%
Vaduz
80%
Barcelona
75%
Cardiff
75%
Gibraltar
75%
Prisztina
75%
Belfast
65%
Thorshavn
45%
Tyraspol
45%
Douglas
30%
Saint Helier
30%
Saint Peter Port
30%
Maarianhamina
25%
Nie znaleziono quizów pasujących do podanych kryteriów
Rozkład punktacji
Procent ludzi z każdym wynikiem
Percentyl według liczby udzielonych odpowiedzi
Twoja historia wyników
Nie rozwiązałeś tego quizu od ostatniego zresetowania